000
00258nam a2200097Ia 4500
008
240331s9999 xx 000 0 und d
082
_b
MAN
100
_a
Xuan L. N. ed
245
4
_a
The management of cooperatives :
_b
agricultural problems-Vietnamese
942
_c
L
999
_c
2681
_d
2681